000 01456nam a2200421 c 4500
001 51914
003 ES-MaCES
005 20241211111721.0
008 210816s2021 sp l 000 ||spa d
017 _aM 6712-2021
_bDL
020 _a9788418405686
040 _aES-MaCES
_bspa
_cES-MaCES
100 1 _923372
_aSan Cristóbal Villanueva, Juan Manuel
245 1 0 _aEstatuto de los Trabajadores
_b: comentado, con Jurisprudencia sistematizada y concordancias
_cautor, Juan Manuel San Cristóbal Villanueva
250 _a11ª ed
260 _aMadrid
_bLefebvre-El Derecho
_c2021
300 _a805 p.
_c24 cm
490 1 _aColección Tribunal Supremo
500 _aÍndices
541 _cCompra
610 1 7 _aEspaña
_tEstatuto de los Trabajadores, 2015. Texto Refundido
_941245
650 4 _aEstatuto de los Trabajadores
_930784
650 4 _alegislación del trabajo
_927166
650 4 _areforma legislativa
_929892
650 4 _aEspaña
_926964
650 4 _a2015
_931152
650 4 _atexto
_929624
650 4 _acomentario
_928971
650 4 _ajurisprudencia
_928624
650 4 _aderecho del trabajo
_927165
650 4 _aderecho jurisprudencial
_929863
653 1 0 _aLegislación
710 1 _aEspaña
_tEstatuto de los Trabajadores, 2015. Texto Refundido
_941245
775 0 _tEstatuto de los Trabajadores
_w(ES-MaCES)50668
830 0 _aColección Tribunal Supremo
_934594
902 _aLIB Libro
942 _2CES
_cBK
_h6.1.
999 _c51914
_d51914